[Event "FIDE World Cup 2025"]
[Site "Goa, India"]
[Date "2025.11.02"]
[Round "2.34"]
[White "Laohawirapap, Prin"]
[Black "Suleymanli, Aydin"]
[Result "0-1"]
[TimeControl ": 90 minutes for the first 40 moves, followed by 30 minutes for the rest of the gamewith an increment of 30 seconds per move starting from move 1"]
[WhiteFideId "6205003"]
[BlackFideId "13413937"]
[WhiteElo "2417"]
[BlackElo "2614"]

1. e4 {[%clk 01:30:56]} {[%emt 00:00:02]} e5 {[%clk 01:30:53]} {[%emt
00:00:08]} 2. Nf3 {[%clk 01:31:18]} {[%emt 00:00:08]} Nc6 {[%clk 01:31:21]}
{[%emt 00:00:04]} 3. Bb5 {[%clk 01:31:37]} {[%emt 00:00:09]} a6 {[%clk
01:31:45]} {[%emt 00:00:07]} 4. Ba4 {[%clk 01:31:31]} {[%emt 00:00:35]} Nf6
{[%clk 01:32:11]} {[%emt 00:00:05]} 5. O-O {[%clk 01:31:52]} {[%emt 00:00:08]}
Be7 {[%clk 01:32:38]} {[%emt 00:00:03]} 6. d3 {[%clk 01:32:05]} {[%emt
00:00:16]} b5 {[%clk 01:33:04]} {[%emt 00:00:06]} 7. Bb3 {[%clk 01:32:21]}
{[%emt 00:00:13]} d6 {[%clk 01:33:24]} {[%emt 00:00:11]} 8. a3 {[%clk
01:32:42]} {[%emt 00:00:08]} O-O {[%clk 01:33:48]} {[%emt 00:00:07]} 9. Nc3
{[%clk 01:33:05]} {[%emt 00:00:06]} Na5 {[%clk 01:34:16]} {[%emt 00:00:04]} 10.
Ba2 {[%clk 01:33:23]} {[%emt 00:00:11]} Be6 {[%clk 01:34:42]} {[%emt 00:00:04]}
11. b4 {[%clk 01:33:41]} {[%emt 00:00:11]} Bxa2 {[%clk 01:35:09]} {[%emt
00:00:04]} 12. Rxa2 {[%clk 01:34:04]} {[%emt 00:00:06]} Nc6 {[%clk 01:35:36]}
{[%emt 00:00:04]} 13. Bg5 {[%clk 01:34:20]} {[%emt 00:00:13]} h6 {[%clk
01:35:52]} {[%emt 00:00:15]} 14. Bxf6 {[%clk 01:34:01]} {[%emt 00:00:48]} Bxf6
{[%clk 01:36:19]} {[%emt 00:00:03]} 15. Nd5 {[%clk 01:34:19]} {[%emt 00:00:12]}
Nd4 {[%clk 01:36:39]} {[%emt 00:00:11]} 16. Nxd4 {[%clk 01:31:41]} {[%emt
00:03:07]} exd4 {[%clk 01:37:02]} {[%emt 00:00:08]} 17. a4 {[%clk 01:10:09]}
{[%emt 00:22:01]} c6 {[%clk 01:37:29]} {[%emt 00:00:04]} 18. Nf4 {[%clk
01:10:26]} {[%emt 00:00:12]} d5 {[%clk 01:35:52]} {[%emt 00:02:09]} 19. axb5
{[%clk 01:10:01]} {[%emt 00:00:54]} Qd6 {[%clk 01:31:21]} {[%emt 00:05:01]} 20.
Nh5 {[%clk 01:05:27]} {[%emt 00:05:02]} axb5 {[%clk 01:31:05]} {[%emt
00:00:47]} 21. Rxa8 {[%clk 01:05:25]} {[%emt 00:00:32]} Rxa8 {[%clk 01:31:31]}
{[%emt 00:00:05]} 22. f4 {[%clk 01:05:05]} {[%emt 00:00:50]} dxe4 {[%clk
01:27:56]} {[%emt 00:04:05]} 23. dxe4 {[%clk 01:05:26]} {[%emt 00:00:09]} Be7
{[%clk 01:27:09]} {[%emt 00:01:18]} 24. e5 {[%clk 00:52:38]} {[%emt 00:13:17]}
Qxb4 {[%clk 01:21:04]} {[%emt 00:06:36]} 25. Qg4 {[%clk 00:32:06]} {[%emt
00:21:02]} g6 {[%clk 01:15:10]} {[%emt 00:06:23]} 26. h3 {[%clk 00:23:01]}
{[%emt 00:09:35]} Qc4 {[%clk 00:56:02]} {[%emt 00:19:38]} 27. f5 {[%clk
00:17:33]} {[%emt 00:05:59]} d3 {[%clk 00:55:17]} {[%emt 00:01:15]} 28. fxg6
{[%clk 00:10:59]} {[%emt 00:07:03]} Qxg4 {[%clk 00:55:40]} {[%emt 00:00:08]} 29.
hxg4 {[%clk 00:11:25]} {[%emt 00:00:03]} fxg6 {[%clk 00:54:57]} {[%emt
00:01:13]} 0-1

[Event "FIDE World Cup 2025"]
[Site "Goa, India"]
[Date "2025.11.02"]
[Round "2.35"]
[White "Kourkoulos-Arditis, Stamatis"]
[Black "Divya, Deshmukh"]
[Result "1-0"]
[TimeControl ": 90 minutes for the first 40 moves, followed by 30 minutes for the rest of the gamewith an increment of 30 seconds per move starting from move 1"]
[WhiteFideId "4221990"]
[BlackFideId "35006916"]
[WhiteElo "2583"]
[BlackElo "2498"]

1. Nf3 {[%clk 01:30:56]} {[%emt 00:00:02]} g6 {[%clk 01:28:08]} {[%emt
00:02:53]} 2. d4 {[%clk 01:28:48]} {[%emt 00:02:38]} Bg7 {[%clk 01:28:21]}
{[%emt 00:00:17]} 3. e4 {[%clk 01:26:34]} {[%emt 00:02:44]} d6 {[%clk
01:28:22]} {[%emt 00:00:30]} 4. Nc3 {[%clk 01:26:55]} {[%emt 00:00:08]} Nf6
{[%clk 01:27:49]} {[%emt 00:01:04]} 5. Be2 {[%clk 01:27:13]} {[%emt 00:00:11]}
O-O {[%clk 01:28:08]} {[%emt 00:00:10]} 6. O-O {[%clk 01:27:36]} {[%emt
00:00:07]} Nc6 {[%clk 01:28:27]} {[%emt 00:00:13]} 7. d5 {[%clk 01:24:18]}
{[%emt 00:03:48]} Nb8 {[%clk 01:27:23]} {[%emt 00:01:34]} 8. h3 {[%clk
01:24:34]} {[%emt 00:00:14]} a6 {[%clk 01:27:20]} {[%emt 00:00:33]} 9. a4
{[%clk 01:22:30]} {[%emt 00:02:33]} e5 {[%clk 01:27:46]} {[%emt 00:00:04]} 10.
dxe6 {[%clk 01:15:21]} {[%emt 00:07:39]} Bxe6 {[%clk 01:28:01]} {[%emt
00:00:15]} 11. Bf4 {[%clk 01:13:35]} {[%emt 00:02:16]} Nc6 {[%clk 01:13:37]}
{[%emt 00:14:54]} 12. Re1 {[%clk 01:06:10]} {[%emt 00:07:55]} Nd7 {[%clk
00:56:33]} {[%emt 00:17:34]} 13. Qd2 {[%clk 01:03:27]} {[%emt 00:03:13]} Re8
{[%clk 00:55:18]} {[%emt 00:01:45]} 14. Rad1 {[%clk 00:57:39]} {[%emt
00:06:18]} Nc5 {[%clk 00:48:22]} {[%emt 00:07:27]} 15. Bf1 {[%clk 00:53:56]}
{[%emt 00:04:12]} f6 {[%clk 00:30:47]} {[%emt 00:18:05]} 16. a5 {[%clk
00:44:08]} {[%emt 00:10:19]} Bf7 {[%clk 00:29:15]} {[%emt 00:02:02]} 17. Bg3
{[%clk 00:38:41]} {[%emt 00:05:56]} g5 {[%clk 00:23:32]} {[%emt 00:06:13]} 18.
Nh2 {[%clk 00:35:26]} {[%emt 00:03:45]} Kh8 {[%clk 00:22:59]} {[%emt 00:01:03]}
19. f3 {[%clk 00:32:12]} {[%emt 00:03:44]} Nd7 {[%clk 00:18:10]} {[%emt
00:05:20]} 20. Nd5 {[%clk 00:31:20]} {[%emt 00:01:21]} Nde5 {[%clk 00:16:53]}
{[%emt 00:01:47]} 21. Ng4 {[%clk 00:24:28]} {[%emt 00:07:22]} Bg6 {[%clk
00:15:27]} {[%emt 00:01:56]} 22. Nge3 {[%clk 00:23:20]} {[%emt 00:01:37]} Ne7
{[%clk 00:14:45]} {[%emt 00:01:13]} 23. Bf2 {[%clk 00:15:57]} {[%emt 00:07:53]}
Qd7 {[%clk 00:13:22]} {[%emt 00:01:53]} 24. Nxe7 {[%clk 00:15:11]} {[%emt
00:01:15]} Rxe7 {[%clk 00:10:20]} {[%emt 00:03:34]} 25. c4 {[%clk 00:15:30]}
{[%emt 00:00:11]} Qe8 {[%clk 00:06:15]} {[%emt 00:04:34]} 26. Qc2 {[%clk
00:13:32]} {[%emt 00:02:28]} h5 {[%clk 00:05:05]} {[%emt 00:01:41]} 27. c5
{[%clk 00:12:04]} {[%emt 00:01:58]} Rd8 {[%clk 00:03:08]} {[%emt 00:02:27]} 28.
cxd6 {[%clk 00:11:27]} {[%emt 00:01:07]} cxd6 {[%clk 00:03:35]} {[%emt
00:00:03]} 29. Nd5 {[%clk 00:08:38]} {[%emt 00:03:19]} Rf7 {[%clk 00:03:50]}
{[%emt 00:00:14]} 30. Qd2 {[%clk 00:08:22]} {[%emt 00:00:46]} Bh6 {[%clk
00:03:30]} {[%emt 00:00:50]} 31. Rc1 {[%clk 00:07:47]} {[%emt 00:01:05]} Kh7
{[%clk 00:02:02]} {[%emt 00:01:59]} 32. Be3 {[%clk 00:06:54]} {[%emt 00:01:23]}
Bg7 {[%clk 00:01:50]} {[%emt 00:00:42]} 33. Bb6 {[%clk 00:06:39]} {[%emt
00:00:44]} Rdd7 {[%clk 00:01:53]} {[%emt 00:00:28]} 34. Kh1 {[%clk 00:04:57]}
{[%emt 00:02:12]} Qf8 {[%clk 00:01:57]} {[%emt 00:00:25]} 35. f4 {[%clk
00:02:48]} {[%emt 00:02:39]} gxf4 {[%clk 00:02:21]} {[%emt 00:00:06]} 36. Nxf4
{[%clk 00:03:12]} {[%emt 00:00:06]} Bh6 {[%clk 00:01:15]} {[%emt 00:01:36]} 37.
Be3 {[%clk 00:03:05]} {[%emt 00:00:38]} Bxf4 {[%clk 00:01:11]} {[%emt
00:00:34]} 38. Bxf4 {[%clk 00:03:29]} {[%emt 00:00:05]} Rfe7 {[%clk 00:00:41]}
{[%emt 00:01:00]} 39. Rcd1 {[%clk 00:02:04]} {[%emt 00:01:54]} Qe8 {[%clk
00:00:47]} {[%emt 00:00:25]} 40. Qf2 {[%clk 00:02:11]} {[%emt 00:00:24]} Nf7
{[%clk 00:00:32]} {[%emt 00:00:46]} 41. Qh4 {[%clk 00:25:30]} {[%emt 00:07:09]}
Ng5 {[%clk 00:13:26]} {[%emt 00:17:37]} 42. Bxg5 {[%clk 00:22:19]} {[%emt
00:03:40]} fxg5 {[%clk 00:13:49]} {[%emt 00:00:07]} 43. Qxg5 {[%clk 00:22:45]}
{[%emt 00:00:03]} Re5 {[%clk 00:14:10]} {[%emt 00:00:11]} 44. Qh4 {[%clk
00:16:18]} {[%emt 00:06:56]} Qd8 {[%clk 00:07:15]} {[%emt 00:07:25]} 45. Qxd8
{[%clk 00:14:15]} {[%emt 00:02:33]} Rxd8 {[%clk 00:07:44]} {[%emt 00:00:02]} 46.
Rd5 {[%clk 00:14:04]} {[%emt 00:00:41]} Rxe4 {[%clk 00:07:28]} {[%emt
00:00:45]} 47. Red1 {[%clk 00:09:31]} {[%emt 00:05:03]} Rb4 {[%clk 00:02:41]}
{[%emt 00:05:17]} 48. Bd3 {[%clk 00:09:36]} {[%emt 00:00:25]} Bxd3 {[%clk
00:01:49]} {[%emt 00:01:23]} 49. R1xd3 {[%clk 00:10:01]} {[%emt 00:00:04]} Rxb2
{[%clk 00:01:12]} {[%emt 00:01:07]} 50. Rxh5+ {[%clk 00:10:25]} {[%emt
00:00:06]} Kg8 {[%clk 00:00:36]} {[%emt 00:01:07]} 51. Rhd5 {[%clk 00:08:17]}
{[%emt 00:02:38]} Kf7 {[%clk 00:00:45]} {[%emt 00:00:21]} 52. Rxd6 {[%clk
00:07:22]} {[%emt 00:01:24]} Rxd6 {[%clk 00:01:00]} {[%emt 00:00:15]} 53. Rxd6
{[%clk 00:07:48]} {[%emt 00:00:04]} Rb5 {[%clk 00:01:11]} {[%emt 00:00:19]} 54.
Rd7+ {[%clk 00:08:08]} {[%emt 00:00:10]} Ke6 {[%clk 00:01:13]} {[%emt
00:00:28]} 55. Rg7 {[%clk 00:08:34]} {[%emt 00:00:04]} Kd6 {[%clk 00:00:59]}
{[%emt 00:00:44]} 56. h4 {[%clk 00:08:58]} {[%emt 00:00:07]} Rxa5 {[%clk
00:00:43]} {[%emt 00:00:46]} 57. Rxb7 {[%clk 00:09:21]} {[%emt 00:00:07]} Rh5
{[%clk 00:00:35]} {[%emt 00:00:38]} 58. g3 {[%clk 00:08:59]} {[%emt 00:00:52]}
Kc6 {[%clk 00:00:54]} {[%emt 00:00:10]} 59. Rb1 {[%clk 00:09:14]} {[%emt
00:00:15]} a5 {[%clk 00:01:10]} {[%emt 00:00:15]} 60. Ra1 {[%clk 00:08:57]}
{[%emt 00:00:47]} Kb5 {[%clk 00:01:26]} {[%emt 00:00:14]} 61. Kg2 {[%clk
00:09:10]} {[%emt 00:01:00]} Kb4 {[%clk 00:01:28]} {[%emt 00:00:28]} 62. Kh3
{[%clk 00:09:35]} {[%emt 00:00:05]} Kb3 {[%clk 00:01:23]} {[%emt 00:00:36]} 63.
g4 {[%clk 00:09:55]} {[%emt 00:00:10]} Rc5 {[%clk 00:01:46]} {[%emt 00:00:07]}
64. h5 {[%clk 00:08:35]} {[%emt 00:01:50]} Kb2 {[%clk 00:01:01]} {[%emt
00:01:15]} 65. Rf1 {[%clk 00:08:47]} {[%emt 00:00:17]} a4 {[%clk 00:00:38]}
{[%emt 00:00:54]} 66. h6 {[%clk 00:09:12]} {[%emt 00:00:04]} Rc8 {[%clk
00:00:31]} {[%emt 00:00:37]} 67. g5 {[%clk 00:08:54]} {[%emt 00:00:47]} Rh8
{[%clk 00:00:43]} {[%emt 00:00:19]} 68. Kg4 {[%clk 00:09:07]} {[%emt 00:00:18]}
a3 {[%clk 00:01:11]} {[%emt 00:00:02]} 69. Kh5 {[%clk 00:09:21]} {[%emt
00:00:15]} a2 {[%clk 00:01:07]} {[%emt 00:00:34]} 70. Rf2+ {[%clk 00:09:44]}
{[%emt 00:00:08]} Kb3 {[%clk 00:01:35]} {[%emt 00:00:02]} 71. Rxa2 {[%clk
00:10:09]} {[%emt 00:00:05]} Kxa2 {[%clk 00:02:03]} {[%emt 00:00:01]} 72. g6
{[%clk 00:10:33]} {[%emt 00:00:06]} Rb8 {[%clk 00:00:35]} {[%emt 00:01:58]} 73.
h7 {[%clk 00:10:58]} {[%emt 00:00:06]} 1-0

[Event "FIDE World Cup 2025"]
[Site "Goa, India"]
[Date "2025.11.02"]
[Round "2.36"]
[White "Svane, Rasmus"]
[Black "Vazquez, Facundo"]
[Result "1/2-1/2"]
[TimeControl ": 90 minutes for the first 40 moves, followed by 30 minutes for the rest of the gamewith an increment of 30 seconds per move starting from move 1"]
[WhiteFideId "4657101"]
[BlackFideId "3007669"]
[WhiteElo "2614"]
[BlackElo "2419"]

1. d4 {[%clk 01:30:57]} {[%emt 00:00:02]} Nf6 {[%clk 01:30:51]} {[%emt
00:00:09]} 2. c4 {[%clk 01:31:21]} {[%emt 00:00:07]} e6 {[%clk 01:31:17]}
{[%emt 00:00:04]} 3. Nf3 {[%clk 01:31:35]} {[%emt 00:00:15]} d5 {[%clk
01:31:36]} {[%emt 00:00:11]} 4. Nc3 {[%clk 01:31:46]} {[%emt 00:00:19]} Nbd7
{[%clk 01:31:58]} {[%emt 00:00:07]} 5. Bg5 {[%clk 01:30:03]} {[%emt 00:02:14]}
Be7 {[%clk 01:30:35]} {[%emt 00:01:53]} 6. e3 {[%clk 01:29:25]} {[%emt
00:01:08]} h6 {[%clk 01:29:28]} {[%emt 00:01:37]} 7. Bh4 {[%clk 01:29:44]}
{[%emt 00:00:11]} O-O {[%clk 01:28:59]} {[%emt 00:01:00]} 8. Rc1 {[%clk
01:27:34]} {[%emt 00:02:40]} c6 {[%clk 01:26:17]} {[%emt 00:03:11]} 9. cxd5
{[%clk 01:11:01]} {[%emt 00:17:04]} exd5 {[%clk 01:05:22]} {[%emt 00:21:25]} 10.
Bd3 {[%clk 01:11:10]} {[%emt 00:00:20]} Ne4 {[%clk 01:04:12]} {[%emt 00:01:40]}
11. Bxe7 {[%clk 01:11:27]} {[%emt 00:00:13]} Qxe7 {[%clk 01:04:29]} {[%emt
00:00:13]} 12. O-O {[%clk 01:11:52]} {[%emt 00:00:05]} Nd6 {[%clk 00:56:32]}
{[%emt 00:08:27]} 13. Qc2 {[%clk 01:10:59]} {[%emt 00:01:23]} Nf6 {[%clk
00:51:42]} {[%emt 00:05:20]} 14. Ne5 {[%clk 01:10:55]} {[%emt 00:00:35]} Ng4
{[%clk 00:49:37]} {[%emt 00:02:34]} 15. Nf3 {[%clk 01:00:17]} {[%emt 00:11:09]}
g6 {[%clk 00:38:21]} {[%emt 00:11:46]} 16. Rce1 {[%clk 00:52:37]} {[%emt
00:08:09]} Nf6 {[%clk 00:36:43]} {[%emt 00:02:09]} 17. Ne5 {[%clk 00:51:15]}
{[%emt 00:01:52]} Bf5 {[%clk 00:34:51]} {[%emt 00:02:21]} 18. f3 {[%clk
00:43:25]} {[%emt 00:08:21]} Bxd3 {[%clk 00:29:23]} {[%emt 00:05:58]} 19. Qxd3
{[%clk 00:43:52]} {[%emt 00:00:02]} c5 {[%clk 00:28:03]} {[%emt 00:01:50]} 20.
dxc5 {[%clk 00:33:57]} {[%emt 00:10:25]} Qxe5 {[%clk 00:27:40]} {[%emt
00:00:54]} 21. cxd6 {[%clk 00:34:23]} {[%emt 00:00:04]} Qxd6 {[%clk 00:25:32]}
{[%emt 00:02:38]} 22. Qd4 {[%clk 00:34:29]} {[%emt 00:00:25]} Rfd8 {[%clk
00:24:43]} {[%emt 00:01:18]} 23. Rd1 {[%clk 00:27:17]} {[%emt 00:07:41]} Qe7
{[%clk 00:24:01]} {[%emt 00:01:12]} 24. Rd3 {[%clk 00:24:49]} {[%emt 00:02:58]}
b6 {[%clk 00:22:30]} {[%emt 00:02:02]} 25. Rfd1 {[%clk 00:23:10]} {[%emt
00:02:09]} Rac8 {[%clk 00:20:04]} {[%emt 00:02:57]} 26. h3 {[%clk 00:20:44]}
{[%emt 00:02:57]} Kg7 {[%clk 00:13:25]} {[%emt 00:07:08]} 27. b3 {[%clk
00:18:57]} {[%emt 00:02:17]} Rd7 {[%clk 00:12:00]} {[%emt 00:01:55]} 28. R1d2
{[%clk 00:17:51]} {[%emt 00:01:36]} Kh7 {[%clk 00:09:27]} {[%emt 00:03:04]} 29.
Ne2 {[%clk 00:12:33]} {[%emt 00:05:46]} Rdc7 {[%clk 00:07:18]} {[%emt
00:02:39]} 30. Rc3 {[%clk 00:12:19]} {[%emt 00:00:44]} Rc5 {[%clk 00:06:18]}
{[%emt 00:01:30]} 31. Rdc2 {[%clk 00:12:17]} {[%emt 00:00:33]} Kg7 {[%clk
00:04:45]} {[%emt 00:02:03]} 32. Kf2 {[%clk 00:11:35]} {[%emt 00:01:12]} Qc7
{[%clk 00:03:47]} {[%emt 00:01:28]} 33. a3 {[%clk 00:07:59]} {[%emt 00:04:06]}
Qc6 {[%clk 00:03:06]} {[%emt 00:01:11]} 34. h4 {[%clk 00:07:14]} {[%emt
00:01:15]} Kh7 {[%clk 00:02:47]} {[%emt 00:00:49]} 35. Qf4 {[%clk 00:05:59]}
{[%emt 00:01:44]} Kg7 {[%clk 00:01:27]} {[%emt 00:01:51]} 36. Qe5 {[%clk
00:05:18]} {[%emt 00:01:10]} Qe6 {[%clk 00:00:44]} {[%emt 00:01:14]} 37. Qd4
{[%clk 00:05:09]} {[%emt 00:00:39]} Qc6 {[%clk 00:00:35]} {[%emt 00:00:39]} 38.
g4 {[%clk 00:02:39]} {[%emt 00:02:59]} Kh7 {[%clk 00:00:40]} {[%emt 00:00:26]}
39. Qf4 {[%clk 00:02:33]} {[%emt 00:00:36]} Qe6 {[%clk 00:00:41]} {[%emt
00:00:29]} 40. Rc1 {[%clk 00:00:41]} {[%emt 00:02:22]} h5 {[%clk 00:00:41]}
{[%emt 00:00:31]} 41. g5 {[%clk 00:19:18]} {[%emt 00:11:52]} Nd7 {[%clk
00:25:27]} {[%emt 00:05:43]} 42. Kg2 {[%clk 00:18:40]} {[%emt 00:01:09]} Ne5
{[%clk 00:15:17]} {[%emt 00:10:40]} 43. Qd4 {[%clk 00:07:14]} {[%emt 00:11:57]}
Nc6 {[%clk 00:11:44]} {[%emt 00:04:02]} 44. Qf4 {[%clk 00:05:48]} {[%emt
00:01:54]} Na5 {[%clk 00:09:11]} {[%emt 00:03:06]} 45. b4 {[%clk 00:04:06]}
{[%emt 00:02:11]} Rxc3 {[%clk 00:09:24]} {[%emt 00:00:17]} 46. Rxc3 {[%clk
00:04:24]} {[%emt 00:00:12]} Nc4 {[%clk 00:09:45]} {[%emt 00:00:09]} 47. Kf2
{[%clk 00:03:04]} {[%emt 00:01:50]} Ne5 {[%clk 00:08:23]} {[%emt 00:01:52]} 48.
Qd4 {[%clk 00:02:47]} {[%emt 00:00:47]} Rc4 {[%clk 00:06:34]} {[%emt 00:02:19]}
49. Rxc4 {[%clk 00:03:00]} {[%emt 00:00:17]} dxc4 {[%clk 00:06:55]} {[%emt
00:00:09]} 50. Nf4 {[%clk 00:03:06]} {[%emt 00:00:24]} Qf5 {[%clk 00:06:51]}
{[%emt 00:00:34]} 51. Kg3 {[%clk 00:03:00]} {[%emt 00:00:35]} f6 {[%clk
00:04:55]} {[%emt 00:02:26]} 52. e4 {[%clk 00:01:47]} {[%emt 00:01:44]} Nxf3
{[%clk 00:02:54]} {[%emt 00:02:31]} 53. Qxc4 {[%clk 00:01:06]} {[%emt
00:01:11]} Qg4+ {[%clk 00:01:36]} {[%emt 00:01:47]} 54. Kf2 {[%clk 00:01:35]}
{[%emt 00:00:01]} Ne5 {[%clk 00:00:37]} {[%emt 00:01:30]} 55. Qc7+ {[%clk
00:01:50]} {[%emt 00:00:14]} Qd7 {[%clk 00:00:32]} {[%emt 00:00:35]} 56. Qxd7+
{[%clk 00:02:06]} {[%emt 00:00:14]} Nxd7 {[%clk 00:01:01]} {[%emt 00:00:01]} 57.
gxf6 {[%clk 00:01:59]} {[%emt 00:00:38]} Nxf6 {[%clk 00:01:29]} 58. Ke3 {[%clk
00:01:35]} {[%emt 00:00:54]} Kg7 {[%clk 00:01:20]} {[%emt 00:00:39]} 59. e5
{[%clk 00:01:45]} {[%emt 00:00:20]} Ng4+ {[%clk 00:01:25]} {[%emt 00:00:25]} 60.
Ke4 {[%clk 00:02:04]} {[%emt 00:00:11]} Nh6 {[%clk 00:01:47]} {[%emt 00:00:08]}
61. Ne6+ {[%clk 00:01:45]} {[%emt 00:00:49]} Kf7 {[%clk 00:02:03]} {[%emt
00:00:14]} 62. Nd4 {[%clk 00:01:42]} {[%emt 00:00:33]} Ke7 {[%clk 00:01:38]}
{[%emt 00:00:55]} 63. b5 {[%clk 00:01:39]} {[%emt 00:00:33]} Ng4 {[%clk
00:01:00]} {[%emt 00:01:07]} 64. a4 {[%clk 00:01:40]} {[%emt 00:00:30]} Kd7
{[%clk 00:01:19]} {[%emt 00:00:11]} 65. Kf4 {[%clk 00:01:25]} {[%emt 00:00:45]}
Ke7 {[%clk 00:00:59]} {[%emt 00:00:50]} 66. Ke4 {[%clk 00:01:52]} {[%emt
00:00:03]} Kd7 {[%clk 00:01:19]} {[%emt 00:00:10]} 67. Ne2 {[%clk 00:00:55]}
{[%emt 00:01:27]} Nf2+ {[%clk 00:01:25]} {[%emt 00:00:24]} 68. Kd4 {[%clk
00:01:08]} {[%emt 00:00:17]} Nh3 {[%clk 00:00:39]} {[%emt 00:01:16]} 69. Kd5
{[%clk 00:01:07]} {[%emt 00:00:32]} g5 {[%clk 00:01:02]} {[%emt 00:00:06]} 70.
e6+ {[%clk 00:01:19]} {[%emt 00:00:18]} Ke7 {[%clk 00:01:30]} {[%emt 00:00:02]}
71. hxg5 {[%clk 00:01:18]} {[%emt 00:00:32]} Nxg5 {[%clk 00:01:58]} {[%emt
00:00:02]} 72. Nf4 {[%clk 00:01:35]} {[%emt 00:00:13]} h4 {[%clk 00:02:23]}
{[%emt 00:00:06]} 73. Ng6+ {[%clk 00:01:54]} {[%emt 00:00:10]} Kf6 {[%clk
00:02:35]} {[%emt 00:00:17]} 74. e7 {[%clk 00:01:28]} {[%emt 00:00:57]} Kf7
{[%clk 00:03:04]} {[%emt 00:00:02]} 75. Kc6 {[%clk 00:01:16]} {[%emt 00:00:41]}
Ne4 {[%clk 00:02:58]} {[%emt 00:00:36]} 76. Nxh4 {[%clk 00:01:30]} {[%emt
00:00:17]} Kxe7 {[%clk 00:03:24]} {[%emt 00:00:03]} 77. Ng6+ {[%clk 00:01:12]}
{[%emt 00:00:47]} Kd8 {[%clk 00:02:57]} {[%emt 00:00:58]} 78. Ne5 {[%clk
00:00:45]} {[%emt 00:00:57]} Nc3 {[%clk 00:02:59]} {[%emt 00:00:27]} 79. Kb7
{[%clk 00:01:02]} {[%emt 00:00:13]} Nxa4 {[%clk 00:03:20]} {[%emt 00:00:09]} 80.
Kxa7 {[%clk 00:01:12]} {[%emt 00:00:21]} Nc3 {[%clk 00:03:13]} {[%emt
00:00:37]} 81. Kxb6 {[%clk 00:01:38]} {[%emt 00:00:04]} Nxb5 {[%clk 00:03:38]}
{[%emt 00:00:04]} 1/2-1/2

[Event "FIDE World Cup 2025"]
[Site "Goa, India"]
[Date "2025.11.02"]
[Round "2.1"]
[White "Quizon, Daniel"]
[Black "Grebnev, Aleksey"]
[Result "1/2-1/2"]
[TimeControl ": 90 minutes for the first 40 moves, followed by 30 minutes for the rest of the gamewith an increment of 30 seconds per move starting from move 1"]
[WhiteFideId "5217911"]
[BlackFideId "34189030"]
[WhiteElo "2420"]
[BlackElo "2611"]

1. Nf3 {[%clk 01:30:41]} {[%emt 00:00:16]} Nf6 {[%clk 01:30:53]} {[%emt
00:00:08]} 2. c4 {[%clk 01:30:48]} {[%emt 00:00:23]} e6 {[%clk 01:31:16]}
{[%emt 00:00:07]} 3. g3 {[%clk 01:30:03]} {[%emt 00:01:14]} d5 {[%clk
01:31:39]} {[%emt 00:00:07]} 4. Bg2 {[%clk 01:30:11]} {[%emt 00:00:22]} Be7
{[%clk 01:32:02]} {[%emt 00:00:07]} 5. O-O {[%clk 01:27:11]} {[%emt 00:03:29]}
O-O {[%clk 01:31:45]} {[%emt 00:00:47]} 6. d4 {[%clk 01:27:23]} {[%emt
00:00:19]} dxc4 {[%clk 01:32:01]} {[%emt 00:00:14]} 7. Qa4 {[%clk 01:25:03]}
{[%emt 00:02:50]} a6 {[%clk 01:32:22]} {[%emt 00:00:09]} 8. Qxc4 {[%clk
01:24:11]} {[%emt 00:01:22]} b5 {[%clk 01:32:46]} {[%emt 00:00:06]} 9. Qc2
{[%clk 01:19:23]} {[%emt 00:05:17]} Bb7 {[%clk 01:32:58]} {[%emt 00:00:19]} 10.
Bg5 {[%clk 01:19:15]} {[%emt 00:00:37]} Nbd7 {[%clk 01:33:15]} {[%emt
00:00:13]} 11. Nbd2 {[%clk 01:10:56]} {[%emt 00:08:49]} Rc8 {[%clk 01:32:32]}
{[%emt 00:01:13]} 12. Bxf6 {[%clk 01:06:57]} {[%emt 00:04:29]} Nxf6 {[%clk
01:32:57]} {[%emt 00:00:06]} 13. Nb3 {[%clk 01:06:52]} {[%emt 00:00:35]} c5
{[%clk 01:33:13]} {[%emt 00:00:14]} 14. dxc5 {[%clk 01:05:52]} {[%emt
00:01:30]} Ne4 {[%clk 01:32:44]} {[%emt 00:00:59]} 15. Rfd1 {[%clk 00:54:53]}
{[%emt 00:11:29]} Qc7 {[%clk 01:33:07]} {[%emt 00:00:08]} 16. c6 {[%clk
00:52:01]} {[%emt 00:03:22]} Qxc6 {[%clk 01:33:29]} {[%emt 00:00:08]} 17. Qxc6
{[%clk 00:51:25]} {[%emt 00:01:06]} Bxc6 {[%clk 01:33:53]} {[%emt 00:00:05]} 18.
Ne5 {[%clk 00:51:26]} {[%emt 00:00:30]} Bd5 {[%clk 01:34:18]} {[%emt 00:00:05]}
19. Nd7 {[%clk 00:49:27]} {[%emt 00:02:28]} Rfe8 {[%clk 01:34:43]} {[%emt
00:00:05]} 20. Nb6 {[%clk 00:48:32]} {[%emt 00:01:25]} Rc2 {[%clk 01:34:02]}
{[%emt 00:01:11]} 21. Nxd5 {[%clk 00:47:00]} {[%emt 00:02:02]} exd5 {[%clk
01:34:26]} {[%emt 00:00:06]} 22. Rxd5 {[%clk 00:44:55]} {[%emt 00:02:34]} Nf6
{[%clk 01:34:52]} {[%emt 00:00:05]} 23. Re5 {[%clk 00:41:05]} {[%emt 00:04:20]}
Ng4 {[%clk 01:34:49]} {[%emt 00:00:33]} 24. Re4 {[%clk 00:38:02]} {[%emt
00:03:33]} Nf6 {[%clk 01:35:09]} {[%emt 00:00:09]} 25. Re3 {[%clk 00:35:22]}
{[%emt 00:03:10]} Ng4 {[%clk 01:35:26]} {[%emt 00:00:14]} 26. Re4 {[%clk
00:33:30]} {[%emt 00:02:22]} Nf6 {[%clk 01:35:50]} {[%emt 00:00:06]} 27. Re3
{[%clk 00:33:34]} {[%emt 00:00:25]} Ng4 {[%clk 01:36:15]} {[%emt 00:00:06]} 28.
Re4 {[%clk 00:33:25]} {[%emt 00:00:39]} Nf6 {[%emt 00:01:50]} 1/2-1/2